UM Logo
Normal view MARC view
  • Velasco, Myrna M.

Entry Personal Name

Number of records used in: 1

001 - CONTROL NUMBER

  • control field: 46788

003 - CONTROL NUMBER IDENTIFIER

  • control field: OSt

005 - DATE AND TIME OF LATEST TRANSACTION

  • control field: 20221114155339.0

008 - FIXED-LENGTH DATA ELEMENTS

  • fixed length control field: 221114|| aca||aabn | a|a d

040 ## - CATALOGING SOURCE

  • Original cataloging agency: OSt
  • Transcribing agency: OSt

100 ## - HEADING--PERSONAL NAME

  • Personal name: Velasco, Myrna M.

670 ## - SOURCE DATA FOUND

  • Source citation: Work cat.: (OSt): Velasco, Myrna M., SMC claims RTC jurisdiction over Ilijan case already upheld by higher courts /, mARCH 4, 2020.